The Complete encyclopedia of motorcars, 1885 to the present. (Record no. 179046)
[ view plain ]
| 000 -LEADER | |
|---|---|
| fixed length control field | 00838cam9a220025300 4500 |
| 001 - CONTROL NUMBER | |
| control field | lce00915212 |
| 008 - FIXED-LENGTH DATA ELEMENTS--GENERAL INFORMATION | |
| fixed length control field | 731019s1973 nyua 001 0 eng |
| 010 ## - LIBRARY OF CONGRESS CONTROL NUMBER | |
| LC control number | 73174298 //r83 |
| 020 ## - INTERNATIONAL STANDARD BOOK NUMBER | |
| International Standard Book Number | 0525083510 |
| 020 ## - INTERNATIONAL STANDARD BOOK NUMBER | |
| Terms of availability | |
| -- | 0.00 |
| 035 ## - SYSTEM CONTROL NUMBER | |
| System control number | (Sirsi) r64299 |
| 035 ## - SYSTEM CONTROL NUMBER | |
| System control number | (DLC) 73174298 //r83 |
| 035 ## - SYSTEM CONTROL NUMBER | |
| System control number | (UPRA)lce00915212 |
| 050 0# - LIBRARY OF CONGRESS CALL NUMBER | |
| Classification number | TL15 |
| Item number | .G39 1973 |
| 082 ## - DEWEY DECIMAL CLASSIFICATION NUMBER | |
| Classification number | 629.22/22/09 |
| 245 04 - TITLE STATEMENT | |
| Title | The Complete encyclopedia of motorcars, 1885 to the present. |
| Statement of responsibility, etc. | Edited by G.N. Georgano. Contributors: Thorkil Ry Andersen [and others. |
| 250 ## - EDITION STATEMENT | |
| Edition statement | 2d ed.] |
| 260 ## - PUBLICATION, DISTRIBUTION, ETC. | |
| Place of publication, distribution, etc. | New York, |
| Name of publisher, distributor, etc. | Dutton |
| Date of publication, distribution, etc. | [1973] |
| 650 #0 - SUBJECT ADDED ENTRY--TOPICAL TERM | |
| Topical term or geographic name entry element | Automobiles -- History. |
| General subdivision | Automobiles -- History. |
| Linkage | S17358.1 |
| 700 1# - ADDED ENTRY--PERSONAL NAME | |
| Personal name | Andersen, Thorkil Ry. |
| Linkage | A24174.1 |
| 700 1# - ADDED ENTRY--PERSONAL NAME | |
| Personal name | Georgano, G. N. |
| Linkage | A24175.1 |
| 949 ## - LOCAL PROCESSING INFORMATION (OCLC) | |
| a | TL15 |
| w | lcc |
| i | -85737 |
| m | MAIN |
| t | BOOK |
| l | ON-SHELF |
No items available.